Tài liệu bồi dưỡng về quản lý hành chính nhà nước : Chương trình chuyên viê chính

Nội dung sách giới thiệu quản lý nhà nước về kinh tế, quản lý tài chính công, cộng sản và dịch vụ công, quản lý nhà nước về đô thị, tổng quan về các vấn đề xã hội và chính sách xã hội, quản lý nhà nước về lao động và quan rlý công...

Cur síos iomlán

Đã lưu trong:
Sonraí Bibleagrafaíochta
Príomhúdar: Đinh, Văn Mậu
Formáid: Leabhar
Teanga:Undetermined
Foilsithe: Hà Nội Khoa học kỹ thuật 2003
Ábhair:
Clibeanna: Cuir Clib Leis
Gan Chlibeanna, Bí ar an gcéad duine leis an taifead seo a chlibeáil!
Thư viện lưu trữ: Trung tâm Học liệu Trường Đại học Cần Thơ
LEADER 01169nam a2200217Ia 4500
001 CTU_227944
008 210402s9999 xx 000 0 und d
082 |a 351.597 
082 |b M125/P.3 
100 |a Đinh, Văn Mậu 
245 0 |a Tài liệu bồi dưỡng về quản lý hành chính nhà nước : 
245 0 |b Chương trình chuyên viê chính 
245 0 |c Chủ biên: Đinh Văn Mậu, Phạm Hồng Thái, Nguyễn Hữu Khiển 
260 |a Hà Nội 
260 |b Khoa học kỹ thuật 
260 |c 2003 
520 |a Nội dung sách giới thiệu quản lý nhà nước về kinh tế, quản lý tài chính công, cộng sản và dịch vụ công, quản lý nhà nước về đô thị, tổng quan về các vấn đề xã hội và chính sách xã hội, quản lý nhà nước về lao động và quan rlý công tác hành chính tư pháp. 
650 |a Public administration,Quản lý nhà nứơc 
904 |i Tuyến 
910 |b dqhieu 
980 |a Trung tâm Học liệu Trường Đại học Cần Thơ